Código Procesal Penal. Anotada, Concordada y con Jurisprudencia.

-д хадгалсан:
Номзүйн дэлгэрэнгүй
Байгууллагын зохиогч: Chile
Бусад зохиолчид: Pfeffer Urquiaga, Emilio (anotación y concordancia), Wilhelm Koester, Karina
Формат: Ном
Хэл сонгох:испани
Хэвлэсэн: Santiago, Chile: Jurídica, 2007
Хэвлэл:Cuarta Edición.
Нөхцлүүд:
Шошгууд: Шошго нэмэх
Шошго байхгүй, Энэхүү баримтыг шошголох эхний хүн болох!

MARC

LEADER 00000nam a2200000 a 4500
001 UCI2000
003 CL-VaPUC
005 20241002103808.0
008 070727e20070000CL |||||||||||||||||spa|d
999 |c 326665  |d 326663 
020 |a 9789561017078 
040 |c Pontificia Universidad Católica de Valparaíso 
082 0 4 |a 345.8305 CHI 2007  |2 21 
110 1 |a Chile  |9 890760 
245 1 0 |a Código Procesal Penal.  |b Anotada, Concordada y con Jurisprudencia. 
250 |a Cuarta Edición.  |b Aprobada por decreto N§ 114. de 17 de enero de 2006, del Ministerio de Justicia. 
260 |a Santiago, Chile:  |b Jurídica,  |c 2007 
300 |a 575 páginas 
505 |a Mensaje del Ejecutivo. Abreviaturas usadas. -Libro Primero. Disposiciones Generales. -Libro Segundo. Procedimiento Ordinario. -Libro Tercero. Recursos. -Libro Cuarto. Procedimientos Especiales y Ejecución. Apéndice: -Ley N.º 19.640. Establece la Ley Orgánica Constitucional del Ministerio Público. -Ley N.º 19.718. Crea la Defensoría Penal Pública. -Ley N.º 20.065, de 21 de octubre de 2005. Modernización, regulación orgánica y planta del personal del Servicio Médico Legal. 
583 |a last modification  |c 20070727 00:00:00  |k Rodrigo Vera 
650 1 |a Derecho penal chileno   |9 891904 
650 1 |a Derecho procesal penal   |9 891905 
650 1 |a Código procesal penal  |9 432657 
650 1 |a Jurisprudencia procesal   |9 254972 
700 |a Pfeffer Urquiaga, Emilio  |e anotación y concordancia  |9 891906 
700 |a Wilhelm Koester, Karina  |9 891907 
942 |c BK  |2 ddc 
945 |d 20070727 00:00:00  |a jtorresc 
952 |0 0  |1 0  |4 0  |6 345_830500000000000_CHI_2007  |7 0  |8 R  |9 408710  |a BIBDER  |b BIBDER  |d 2019-11-22  |i 4357736  |o 345.8305 CHI 2007  |p 4357736  |r 2023-01-25  |w 2019-11-22  |y BK_R  |k DER